000
00306nam a22001337a 4500
020
_a
9781402085918
082
_a
631.45 HAR/DI
100
_a
Hartemink,Alfred E
100
_a
McBratney,Alex
245
_a
Digital Soil Mapping with Limited Data
260
_b
Springer
_c
2008
300
_a
445
942
_c
BK
999
_c
13862
_d
13862